Ends in "-Eat" or "-Eet" - Statistics

General Stats
  • This quiz has been taken 55 times
  • The average score is 21 of 25
Answer Stats
Hint Answer % Correct
Like sugar or honey Sweet
100%
What your shoes protect, or, a US unit of length Feet
98%
A root vegetable famous for staining things purple Beet
96%
To strike repeatedly, or, what a drummer provides (by striking a drum repeatedly) Beat
96%
To dine, sup or ingest Eat
96%
What vegans never ingest when they dine or sup Meat
96%
Part of a Halloween ultimatum: "Trick or _____!" Treat
96%
To welcome or recognize someone when they arrive Greet
94%
An avenue or boulevard Street
94%
What a chair, stool or bench might provide Seat
92%
Perspiration Sweat
92%
Popular grain used in making pasta, bread and some beers Wheat
92%
A piece of paper, or, a large cloth rectangle found between a mattress and a blanket Sheet
90%
What furnaces, fireplaces and campfires produce Heat
88%
Freezing rain Sleet
88%
Adjective preceding Britain, Escape or Scott! Great
85%
Very tidy, or, very cool Neat
85%
The cry of a lamb, kid or calf Bleat
79%
An activity or achievement, often demonstrating great skill, strength or endurance Feat
75%
Where lambs, kids and calves get their milk Teat
75%
Boggy vegetable matter, historically dried and used for fuel in parts of Europe Peat
73%
Impending harm or danger, or, a statement of intent to cause harm or danger Threat
58%
A fixture on boats and docks, for tying off ropes, or, part of certain athletic shoes Cleat
48%
Latin for "Let the buyer beware." "______ emptor." Caveat
44%
If you want to be hep, make sure your zoot suit has a "reet _____" on the trousers Pleat
42%
No matching quizzes found
Score Distribution
Percent of People with Each Score
Percentile by Number Answered
Your Score History
You have not taken this quiz